00672nam a2200157 a 4500008004100000020001500041050001600056100002300072245011400095260005100209300002100260350000900281650007600290650008000366650006800446120416s1988 ||||||||||||||||| || u a9982802003 aHD 1336 Chi aChipungu, Samuel N14aThe state, technology and peasant differentiation in Zambia: a case study of the Southern Province, 1930-1986 aLusakabHistorical Association of Zambiac1988 axi, 259p. : ill. a0.00 0aAGRICULTURE AND STATE--ZAMBIA--SOUTHERN PROVINCE--HISTORY--20th CENTURY aAGRICULTURAL INNOVATIONS--ZAMBIA --SOUTHERN PROVINCE--HISTORY--20TH CENTURY aPeasantry - Zambia - Southern Province - History - 20th century